| 000 | 00374nam a2200145Ia 4500 | ||
|---|---|---|---|
| 005 | 20250401043555.0 | ||
| 008 | 240331s9999 xx 000 0 und d | ||
| 082 |
_bVAN _a894 |
||
| 245 | 0 | _aVanathi sirappuch sirukathaikal | |
| 260 |
_aChennai _bVanathi Pathippagam _c1992 |
||
| 300 | _a344 p ., ( c - 2) | ||
| 650 | _aShort Stories | ||
| 700 |
_aMakaram, . _eedt |
||
| 942 | _cL | ||
| 999 |
_c5557 _d5557 |
||